000 00536nam a2200181Ia 4500
008 240729s9999 xx 000 0 und d
022 _a2071-4602
245 0 _aSA Heart Journal
260 _aSouth Africa
260 _bSouth African Heart Association
650 _a Diseases of the circulatory (Cardiovascular) system
650 _a Internal medicine
650 _a Specialties of internal medicine
650 _aMedicine
856 _uhttps://doaj.org/toc/3327bb01ae694eedbae2e3e6ca0c57fb
942 _2ddc
942 _cDOAJEJ
999 _c66471
_d66471
945 _a1
_bMadushi Gamage
_c1
_dMadushi Gamage